九州・沖縄の市 - Statistics

General Stats
  • This quiz has been taken 921 times
  • The average score is 79 of 119
Answer Stats
都道府県 人口 面積(km²) % Correct
福岡県 福岡市 1,612,392 343.46
99%
福岡県 北九州市 939,029 491.71
98%
福岡県 久留米市 303,316 229.96
93%
熊本県 熊本市 738,865 390.32
91%
佐賀県 佐賀市 233,301 431.82
90%
大分県 大分市 475,614 502.39
90%
鹿児島県 鹿児島市 593,128 547.61
90%
長崎県 長崎市 409,118 405.86
89%
長崎県 佐世保市 243,223 426.01
89%
宮崎県 宮崎市 401,339 643.54
89%
沖縄県 那覇市 317,625 41.42
88%
福岡県 大牟田市 111,281 81.45
87%
大分県 別府市 115,321 125.34
86%
佐賀県 唐津市 117,373 487.6
85%
沖縄県 沖縄市 142,752 49.72
85%
佐賀県 鳥栖市 74,196 71.72
83%
宮崎県 都城市 160,640 653.36
83%
熊本県 阿蘇市 24,930 376.3
82%
福岡県 太宰府市 73,164 29.6
81%
長崎県 諫早市 133,852 341.79
81%
長崎県 大村市 95,397 126.73
81%
鹿児島県 薩摩川内市 92,403 682.92
81%
鹿児島県 霧島市 123,135 603.17
81%
熊本県 八代市 123,067 681.29
80%
熊本県 天草市 75,783 683.82
80%
福岡県 糸島市 98,877 215.69
79%
長崎県 島原市 43,338 82.96
79%
熊本県 水俣市 23,557 163.29
78%
宮崎県 延岡市 118,394 868.02
78%
長崎県 対馬市 28,502 707.42
77%
福岡県 飯塚市 126,364 213.96
76%
佐賀県 伊万里市 52,629 255.25
76%
大分県 中津市 82,863 491.44
76%
宮崎県 日南市 50,848 536.1
76%
宮崎県 日向市 59,629 336.87
76%
鹿児島県 指宿市 39,011 148.81
76%
佐賀県 武雄市 47,914 195.4
75%
長崎県 五島市 34,391 420.12
75%
鹿児島県 枕崎市 20,033 74.78
75%
佐賀県 嬉野市 25,848 126.41
74%
沖縄県 石垣市 47,637 229.15
74%
沖縄県 うるま市 125,303 87.02
73%
福岡県 大野城市 102,085 26.89
72%
鹿児島県 鹿屋市 101,096 448.15
72%
鹿児島県 志布志市 29,329 290.28
72%
鹿児島県 奄美市 41,390 308.33
72%
福岡県 行橋市 71,426 70.06
71%
長崎県 壱岐市 24,948 139.42
71%
熊本県 玉名市 64,292 152.6
71%
大分県 日田市 62,657 666.03
71%
大分県 国東市 26,232 318.1
71%
大分県 佐伯市 66,851 903.14
70%
鹿児島県 南九州市 33,080 357.91
70%
沖縄県 名護市 63,554 210.94
70%
長崎県 南島原市 42,330 170.13
69%
福岡県 宗像市 97,095 119.94
68%
福岡県 田川市 46,203 54.55
67%
福岡県 筑後市 48,827 41.78
67%
熊本県 人吉市 31,108 210.55
67%
福岡県 直方市 56,212 61.76
66%
大分県 豊後高田市 22,112 206.24
66%
鹿児島県 いちき串木野市 27,490 112.3
66%
沖縄県 宜野湾市 100,125 19.8
66%
福岡県 八女市 60,608 482.44
65%
大分県 豊後大野市 33,695 603.14
65%
鹿児島県 出水市 51,994 329.98
64%
沖縄県 浦添市 115,690 19.44
64%
福岡県 柳川市 64,475 77.15
63%
福岡県 春日市 111,023 14.15
63%
長崎県 雲仙市 41,096 214.31
63%
宮崎県 えびの市 17,638 282.93
63%
沖縄県 宮古島市 52,931 203.9
63%
福岡県 筑紫野市 103,311 87.73
62%
大分県 宇佐市 52,771 439.05
62%
大分県 由布市 32,772 319.32
62%
長崎県 平戸市 29,365 235.12
61%
熊本県 宇土市 36,122 74.3
61%
鹿児島県 南さつま市 32,887 283.59
61%
福岡県 豊前市 24,391 111.01
60%
熊本県 上天草市 24,563 126.94
60%
大分県 杵築市 27,999 280.08
60%
長崎県 松浦市 21,271 130.55
59%
宮崎県 小林市 43,670 562.95
59%
福岡県 うきは市 27,981 117.46
58%
大分県 臼杵市 36,158 291.2
58%
沖縄県 糸満市 61,007 46.6
58%
沖縄県 豊見城市 64,612 19.34
58%
福岡県 朝倉市 50,273 246.71
57%
熊本県 荒尾市 50,832 57.37
57%
熊本県 宇城市 57,032 188.61
57%
鹿児島県 姶良市 76,348 231.25
57%
佐賀県 鹿島市 27,892 112.12
56%
長崎県 西海市 26,275 241.6
56%
大分県 津久見市 16,100 79.48
56%
福岡県 福津市 67,033 52.76
54%
福岡県 那珂川市 50,112 74.95
54%
熊本県 菊池市 46,416 276.85
54%
福岡県 大川市 32,988 33.62
52%
大分県 竹田市 20,332 477.53
52%
鹿児島県 西之表市 14,708 205.65
52%
沖縄県 南城市 44,043 49.94
52%
福岡県 中間市 40,362 15.96
48%
福岡県 古賀市 58,786 42.07
48%
佐賀県 多久市 18,295 96.56
47%
宮崎県 西都市 28,610 438.79
47%
鹿児島県 阿久根市 19,270 134.28
47%
熊本県 合志市 61,772 53.19
46%
福岡県 宮若市 26,298 139.99
45%
福岡県 みやま市 35,861 105.21
45%
宮崎県 串間市 16,822 295.17
45%
鹿児島県 垂水市 13,819 162.12
45%
佐賀県 小城市 43,952 95.81
44%
佐賀県 神埼市 31,022 125.13
43%
鹿児島県 曽於市 33,310 390.14
43%
熊本県 山鹿市 49,025 299.69
41%
福岡県 小郡市 59,360 45.51
40%
鹿児島県 伊佐市 24,453 392.56
40%
福岡県 嘉麻市 35,473 135.11
39%
鹿児島県 日置市 47,153 253.01
39%
No matching quizzes found
Score Distribution
Percent of People with Each Score
Percentile by Number Answered
Your Score History
You have not taken this quiz